Komunikačné kompetentnosti manažéra

Komunikácia manažérov v podmienkach silnej konkurencie. Interkulturálna komunikácia. Faktory ovplyvňujúce proces interkulturálnej komunikácie. Interpersonálna komunikácia medzi jedincami rôznych kultúr a jej zefektívňovanie. Osvojenie si tzv. reflexívnej komunikácie (vzájomné porozumenie založené na...

ver descrição completa

Na minha lista:
Detalhes bibliográficos
Autor principal: Sulíková, Rozália
Formato: Capítulo de Livro
Idioma:eslovaco
Assuntos:
Tags: Adicionar Tag
Sem tags, seja o primeiro a adicionar uma tag!

MARC

LEADER 00000naa a2200000 4500
001 r047645
005 20231002121447.9
041 0 |a slo 
044 |a SK 
245 1 0 |a Komunikačné kompetentnosti manažéra  |c Rozália Sulíková 
520 |a Komunikácia manažérov v podmienkach silnej konkurencie. Interkulturálna komunikácia. Faktory ovplyvňujúce proces interkulturálnej komunikácie. Interpersonálna komunikácia medzi jedincami rôznych kultúr a jej zefektívňovanie. Osvojenie si tzv. reflexívnej komunikácie (vzájomné porozumenie založené na akceptácii paradigiem kultúry). 
610 2 0 |a komunikácia manažérska 
610 2 0 |a partneri obchodní 
610 2 0 |a komunikácia multikultúrna 
610 2 0 |a komunikácia interpersonálna 
610 2 0 |a zvyklosti obchodné 
100 1 |a Sulíková, Rozália